|
|
|
|
| LEADER |
00000cam a2200000 i 4500 |
| 001 |
1/82378 |
| 008 |
080415s1994 enk| ||| |||| ||eng|| |
| 020 |
|
|
|a 058205687X
|
| 035 |
|
|
|l 10096649
|
| 040 |
|
|
|a GR-MyUa
|b gre
|e AACR2
|
| 041 |
0 |
|
|a eng
|
| 082 |
7 |
|
|a 745.4
|2 (22)
|
| 100 |
1 |
|
|a Morrison, John,
|d 1950-
|
| 245 |
1 |
0 |
|a Design :
|b capability and awareness /
|c John Morrison and John Twyford.
|
| 260 |
|
|
|a Harlow :
|b Longman,
|c c1994.
|
| 300 |
|
|
|a 304 σ. :
|b εικ. ;
|c 27 εκ.
|
| 504 |
|
|
|a Βιβλιογραφία: σ. 296-298. Ευρετήριο.
|
| 650 |
|
0 |
|a Design
|v Handbooks, manuals, etc.
|
| 650 |
|
0 |
|a Industrial design
|v Handbooks, manuals, etc.
|
| 650 |
|
0 |
|a Design.
|
| 700 |
1 |
|
|a Twyford, John,
|d 1944-
|
| 852 |
|
|
|a INST
|b SYROS
|e 20080415
|h 745.4 MOR
|p 005500006131
|q 005500006131
|t BK
|y 0
|
| 901 |
|
|
|a BIBL5-2008-1
|
| 922 |
|
|
|a 5ΕΛΗ
|b 200711
|c ΕΠΕΑΕΚ2/ΤΜΣΠΣ
|d Ελευθερουδάκης
|
| 970 |
|
|
|a Κοντού
|b Παρασκευή
|z 15/04/2008
|